Welcome to CU Library Online Public Access Catalogue (OPAC)

A survey of the New Testament / (Record no. 6881)

MARC details
000 -LEADER
fixed length control field 00745cam a2200217 a 4500
001 - CONTROL NUMBER
control field 13519494
005 - DATE AND TIME OF LATEST TRANSACTION
control field 20250709123751.0
008 - FIXED-LENGTH DATA ELEMENTS--GENERAL INFORMATION
fixed length control field 040311s2003 miuab b 001 0 eng
020 ## - INTERNATIONAL STANDARD BOOK NUMBER
International Standard Book Number 0310238250
Qualifying information alk. paper
020 ## - INTERNATIONAL STANDARD BOOK NUMBER
Canceled/invalid ISBN 0310238350 (alk. paper)
020 ## - INTERNATIONAL STANDARD BOOK NUMBER
International Standard Book Number 9780310238256
Qualifying information (alk. paper)
050 00 - LIBRARY OF CONGRESS CALL NUMBER
Classification number BS2535.3
Item number .G86 2003
082 00 - DEWEY DECIMAL CLASSIFICATION NUMBER
Classification number 225.6/1
Edition information 22
100 1# - MAIN ENTRY--PERSONAL NAME
Personal name Gundry, Robert H.
Fuller form of name (Robert Horton),
Dates associated with a name 1932-
245 12 - TITLE STATEMENT
Title A survey of the New Testament /
Statement of responsibility, etc. Robert H. Gundry.
250 ## - EDITION STATEMENT
Edition statement 4th ed.
260 ## - PUBLICATION, DISTRIBUTION, ETC.
Place of publication, distribution, etc. Grand Rapids, Mich. :
Name of publisher, distributor, etc. Zondervan,
Date of publication, distribution, etc. c2003.
300 ## - PHYSICAL DESCRIPTION
Extent xviii, 542 p. :
Other physical details col. ill., col. maps ;
Dimensions 25 cm.
856 42 - ELECTRONIC LOCATION AND ACCESS
Materials specified Publisher description
Uniform Resource Identifier <a href="http://www.loc.gov/catdir/enhancements/fy0633/2004269952-d.html">http://www.loc.gov/catdir/enhancements/fy0633/2004269952-d.html</a>
942 ## - ADDED ENTRY ELEMENTS (KOHA)
Source of classification or shelving scheme Library of Congress Classification
Koha item type Books
Suppress in OPAC No
999 ## -
-- 6881
-- 6881
Holdings
Withdrawn status Lost status Source of classification or shelving scheme Damaged status Not for loan Collection Home library Current library Shelving location Date acquired Total checkouts Full call number Barcode Date last seen Copy number Price effective from Koha item type
    Library of Congress Classification     Non-fiction Undergraduate Library (Christ Temple) Undergraduate Library (Christ Temple) General stacks 07/09/2025   BS 2535.2 GUN ulct00003723 07/09/2025 1 07/09/2025 Books
    Library of Congress Classification     Non-fiction Undergraduate Library (Christ Temple) Undergraduate Library (Christ Temple) General stacks 07/09/2025   BS 2535.2 GUN ulct00003724 07/09/2025 2 07/09/2025 Books
    Library of Congress Classification     Non-fiction Undergraduate Library (Christ Temple) Undergraduate Library (Christ Temple) General stacks 07/09/2025   BS 2535.2 GUN ulct00003725 07/09/2025 3 07/09/2025 Books
    Library of Congress Classification     Non-fiction Undergraduate Library (Christ Temple) Undergraduate Library (Christ Temple) General stacks 07/09/2025   BS 2535.2 GUN ulct00003726 07/09/2025 4 07/09/2025 Books
    Library of Congress Classification     Non-fiction Undergraduate Library (Christ Temple) Undergraduate Library (Christ Temple) General stacks 07/09/2025   BS 2535.2 GUN ulct00003727 07/09/2025 5 07/09/2025 Books
    Library of Congress Classification     Non-fiction Undergraduate Library (Christ Temple) Undergraduate Library (Christ Temple) General stacks 07/09/2025   BS 2535.2 GUN ulct00003728 07/09/2025 6 07/09/2025 Books
    Library of Congress Classification     Non-fiction Undergraduate Library (Christ Temple) Undergraduate Library (Christ Temple) General stacks 07/16/2025   BS2555.2 GUN ulct00003883 07/16/2025 1 07/16/2025 Books
© 2023-2024 Copyright: Central University Libraries. All Rights Reserved | Created by: Mahone Tech Office